000 00717nam a22002417a 4500
001 33087
003 UA-OsUOA
005 20220214154819.0
007 ta
008 20050311b un ||||| |||| 00| 0 ukr d
020 _a96683064Х
040 _aUA-OsUOA
_bukr
_cUA-OsUOA
_dUA-OsUOA
041 _aukr
044 _aUA
080 _a012
090 _a016:929
_bВ41
245 _aВибір на все життя. До 65-річчя Івана Григоровича Пащука
_bБіобібліографічний покажчик
_cупоряд. В. П. Ярощук
260 _aРівне
_bВолинські обереги
_c2004
300 _a72 с.
650 7 _2UDC
942 _cBK
_2udc
955 _a0
999 _c319544
_d319544